00335nam a2200121Ia 4500008004100000020002200041041000800063082002800071100001800099245005000117260003700167300000900204230411s9999 xx 000 0 und d a978-93-86261-61-8 aeng aOG/610.736 8/JAC/B09007 aJacob Annamma aManual of Midwifery and Gynecological Nursing bJaypee BrothersaNew Delhic2017 a667p